000 01408nam a2200229Ia 4500
003 Ost
005 20260507075047.0
008 260507s9999||||xx |||||||||||||| ||und||
040 _cfsecg
041 _aara
082 _a600
100 _aمرعي، عبد الحي عبد الحي
_eمؤلف
245 0 _aأنظمة التكاليف لأغراض قياس تكلفة الإنتاج والخدمات /
_c عبد الحي عبد الحي مرعي
260 _aالإسكندرية:
_bالدار الجامعية للنشر,
_c2002
300 _a401 صفحة؛
_bإيضاحات ؛
_c24 سم
520 _aفي طبيعة الصناعة وعناصر تكلفة الإنتاج-في نماذج أنظمة تكاليف الداخل-في نماذج أنظمة تكالفي في ظل مسموحات وخسائر التشغيل-قياس تكلفة العمليات-قياس تكلفة المنتجات المتصلة والفرعية عقود المقاولات طويلة الأجل-قياس التكلفة في الوحدات الخدمية-نظام الإنتاج الفوري وقياس التكلفة من خلال التدفق القياسي
653 _aالإنتاج- التكاليف
653 _aالتكاليف
700 _aمبارك، صلاح الدين عبد المنعم
_eمؤلف ثانوي
700 _aمصطفى، محمود مراد
_eمؤلف ثانوي
942 _cكتاب
999 _c42595
_d42595